Guess the Taylor Swift Song (no hints) 160 - Statistics

General Stats
  • This quiz has been taken 65 times
  • The average score is 297 of 377
Answer Stats
Answer % Correct
I
100%
the
100%
a
97%
do
97%
me
97%
me,
97%
you
97%
you,
97%
You
97%
my
95%
and
92%
And
92%
it
92%
so
92%
So,
92%
so,
92%
in
90%
on
90%
to
90%
what
90%
when
90%
your
90%
All
87%
all
87%
But
85%
but
85%
it's
85%
you're
85%
like
82%
not
82%
See
82%
us
82%
we
82%
We
82%
goes
79%
know
79%
up
79%
can
77%
eyes
77%
I'm
77%
make
77%
now
77%
Wear
77%
yours
77%
(1,
74%
bad
74%
get
74%
got
74%
things
74%
baby,
72%
Back
72%
back
72%
did
72%
down
72%
girl
72%
dark
69%
fall,
69%
feel
69%
with
69%
'Cause
67%
days
67%
Getting
67%
right
67%
2,
64%
3)
64%
everyone
64%
face,
64%
into
64%
Into
64%
lose
64%
moment
64%
place
64%
caught
62%
Cut
62%
keep
62%
Lipstick
62%
magician
62%
number
62%
pieces
62%
who's
62%
Who's
62%
counting?
59%
disappear,
59%
gray
59%
heart
59%
here,
59%
honestly,
59%
little
59%
Met
59%
Scratches
59%
against
56%
bar
56%
black
56%
clear
56%
Come
56%
feelings
56%
gone
56%
jealous
56%
alone,
54%
chill,
54%
necklace
54%
simple
54%
wall
54%
dressed
51%
illusionist
51%
hostage
49%
Skipping,
46%
skipping
46%
Tripping,
46%
tripping
46%
breakdown
44%
cage,
44%
Gold
44%
No matching quizzes found
Score Distribution
Percent of People with Each Score
Percentile by Number Answered
Your Score History
You have not taken this quiz